| 000 -LEADER |
| fixed length control field |
00636nam a22002057a 4500 |
| 005 - DATE AND TIME OF LATEST TRANSACTION |
| control field |
20241104132027.0 |
| 008 - FIXED-LENGTH DATA ELEMENTS--GENERAL INFORMATION |
| fixed length control field |
201117s ||||| |||| 00| 0 ger d |
| 020 ## - INTERNATIONAL STANDARD BOOK NUMBER |
| International Standard Book Number |
9783192119026 |
| 040 ## - CATALOGING SOURCE |
| Transcribing agency |
DLC |
| 080 ## - UNIVERSAL DECIMAL CLASSIFICATION NUMBER |
| Universal Decimal Classification number |
811.112.2 |
| Item number |
H-11 |
| 100 ## - MAIN ENTRY--PERSONAL NAME |
| 9 (RLIN) |
62 |
| Personal name |
Habersack Charlotte |
| 245 ## - TITLE STATEMENT |
| Title |
Menschen: Deutch als Fremdsprache Kursbuch: Level A2 |
| Statement of responsibility, etc. |
/ by Huber Verlag. Authors: Charlotte Habersack, Angela Pude, Franz Specht |
| 260 ## - PUBLICATION, DISTRIBUTION, ETC. |
| Place of publication, distribution, etc. |
Germany |
| Name of publisher, distributor, etc. |
Huber |
| Date of publication, distribution, etc. |
2019 |
| 300 ## - PHYSICAL DESCRIPTION |
| Extent |
189 p. |
| 650 ## - SUBJECT ADDED ENTRY--TOPICAL TERM |
| Source of heading or term |
German Language |
| 653 ## - INDEX TERM--UNCONTROLLED |
| Uncontrolled term |
გერმანული ენა |
| 700 ## - ADDED ENTRY--PERSONAL NAME |
| 9 (RLIN) |
52 |
| Personal name |
Pude Angela |
| 700 ## - ADDED ENTRY--PERSONAL NAME |
| 9 (RLIN) |
53 |
| Personal name |
Specht Franz |
| 942 ## - ADDED ENTRY ELEMENTS (KOHA) |
| Source of classification or shelving scheme |
|
| Koha item type |
Books |